| 000 | 00374pab a2200157 454500 | ||
|---|---|---|---|
| 008 | 180718b1999 xxu||||| |||| 00| 0 eng d | ||
| 100 | _aRai, D.K. | ||
| 245 | _aRole and responsibility of a teacher | ||
| 260 | _c1999 | ||
| 300 | _ap.5-7 | ||
| 362 | _a15 Nov | ||
| 650 | _aTeacher responsibility | ||
| 650 | _aTeacher role | ||
| 773 | _aUniversity News | ||
| 909 | _a43097 | ||
| 999 |
_c43097 _d43097 |
||